Sports Quiz

Random Sports or NBA Quiz

NBA Scoring Leaders Quiz Stats

 Plays Quiz not verified by Sporcle

Support Sporcle.
Go Orange.
Score 0/20 Timer 08:00
0 Plays Today
Points Player % Correct
36,928Karl Malone
94.3%
33,817Lebron James
94.3%
33,643Kobe Bryant
94.3%
38,387Kareem Abdul-Jabbar
91.4%
32,292Michael Jordan
91.4%
31,560Dirk Nowitzki
91.4%
31,419Wilt Chamberlain
82.9%
28,596Shaquille O'Neal
82.9%
26,496Tim Duncan
82.9%
26,946Hakeem Olajuwon
71.4%
Points Player % Correct
26,395John Havlicek
68.6%
26,071Kevin Garnett
65.7%
26,153Carmelo Anthony
62.9%
27,409Moses Malone
60%
26,668Dominique Wilkins
60%
26,397Paul Pierce
60%
26,710Oscar Robertson
57.1%
25,688Vince Carter
54.3%
25,613Alex English
54.3%
27,313Elvin Hayes
45.7%

You're not logged in!

Compare scores with friends on all Sporcle quizzes.
OR
Log In

From the Vault

Rhymes with 'Hunt'

by sproutcm

One of these days we're going to get that dog for always laughing at us when we miss.
Remove Ads.
Support Sporcle.
Get the best of Sporcle when you Go Orange. This ad-free experience offers more features, more stats, and more fun while also helping to support Sporcle. Thank you for becoming a member.

Show Comments

Extras

Created Feb 15, 2020ReportNominate
Tags:NBA Quiz, Leader, Player, point, Scoring

Top Quizzes Today


Score Distribution

Your Account Isn't Verified!

In order to create a playlist on Sporcle, you need to verify the email address you used during registration. Go to your Sporcle Settings to finish the process.

Report this User

Report this user for behavior that violates our Community Guidelines.

Details: